Online katalóg knižníc regiónu Turca

Zúfalá v Bangkoku (Record no. 22216)

MARC details
000 -LEADER
fixed length control field 01494cam a2200469 a 4500
001 - CONTROL NUMBER
control field 22216
003 - CONTROL NUMBER IDENTIFIER
control field VRT
005 - DATE AND TIME OF LATEST TRANSACTION
control field 20260323134127.0
008 - FIXED-LENGTH DATA ELEMENTS--GENERAL INFORMATION
fixed length control field 240314s2012 xo g 000 f slo
015 ## - NATIONAL BIBLIOGRAPHY NUMBER
National bibliography number SNBA2014/05
020 ## - INTERNATIONAL STANDARD BOOK NUMBER
International Standard Book Number 9788081141645
Qualifying information (brož.)
039 #9 - LEVEL OF BIBLIOGRAPHIC CONTROL AND CODING DETAIL [OBSOLETE]
Level of rules in bibliographic description 202403141416
Level of effort used to assign nonsubject heading access points VLOAD
Level of effort used to assign subject headings 201405070929
Level of effort used to assign classification msnk17
Level of effort used to assign subject headings 201404221101
Level of effort used to assign classification msnk12
Level of effort used to assign subject headings 201404141119
Level of effort used to assign classification mtotk19
040 ## - CATALOGING SOURCE
Original cataloging agency PPPK
Language of cataloging slo
Transcribing agency PPPK
Description conventions AACR2
041 0# - LANGUAGE CODE
Language code of text/sound track or separate title slo
044 ## - COUNTRY OF PUBLISHING/PRODUCING ENTITY CODE
MARC country code xo
ISO country code SK
072 #7 - SUBJECT CATEGORY CODE
Subject category code 821.162.4-3
Subject category code subdivision Slovenská próza
Source konspekt
080 ## - UNIVERSAL DECIMAL CLASSIFICATION NUMBER
Universal Decimal Classification number 821.162.4-31
Edition identifier 2001
100 1# - MAIN ENTRY--PERSONAL NAME
Personal name Baniarová, Soňa,
Dates associated with a name 1971-
Relationship aut
245 10 - TITLE STATEMENT
Title Zúfalá v Bangkoku
Remainder of title skutočný príbeh o ceste do kláštora
Statement of responsibility, etc. Soňa Babiarová
250 ## - EDITION STATEMENT
Edition statement 1. vyd.
260 ## - PUBLICATION, DISTRIBUTION, ETC.
Place of publication, distribution, etc. Bratislava
Name of publisher, distributor, etc. Marenčin PT
Date of publication, distribution, etc. 2012
300 ## - PHYSICAL DESCRIPTION
Extent 203 s.
Dimensions 17 cm
655 #7 - INDEX TERM--GENRE/FORM
Genre/form data or focus term slovenské romány
Source of term SNKPH
655 #7 - INDEX TERM--GENRE/FORM
Genre/form data or focus term Slovak fiction
Source of term SNKPHeng
910 ## - USER-OPTION DATA (OCLC)
User-option data pppk
910 ## - USER-OPTION DATA (OCLC)
User-option data pokpoh
910 ## - USER-OPTION DATA (OCLC)
User-option data sllk
910 ## - USER-OPTION DATA (OCLC)
User-option data hevk
910 ## - USER-OPTION DATA (OCLC)
User-option data ttkjf
910 ## - USER-OPTION DATA (OCLC)
User-option data vthk
910 ## - USER-OPTION DATA (OCLC)
User-option data svkbb
910 ## - USER-OPTION DATA (OCLC)
User-option data totk
910 ## - USER-OPTION DATA (OCLC)
User-option data snk
942 ## - ADDED ENTRY ELEMENTS (KOHA)
Source of classification or shelving scheme Dewey Decimal Classification
Koha item type Krásna literatúra pre dospelých
Suppress in OPAC No
949 ## - LOCAL PROCESSING INFORMATION (OCLC)
6 270001000443171
a svkbbA 137664-a
b svkbbm 743957
949 ## - LOCAL PROCESSING INFORMATION (OCLC)
6 17A1106375
a snkSD 83133
b snk2014/9760
o 873/14
949 ## - LOCAL PROCESSING INFORMATION (OCLC)
6 17A1106376
a snkSD 83133 D1
b snk2014/9761
o 873/14
949 ## - LOCAL PROCESSING INFORMATION (OCLC)
6 2889209768
a savukPV 18856
b savuk2014/1029
949 ## - LOCAL PROCESSING INFORMATION (OCLC)
6 270001000409480
a svkbbA 137664
b svkbbm 734602
949 ## - LOCAL PROCESSING INFORMATION (OCLC)
6 273K0575762
a svkpoA 221860
b svkpo574303
Holdings
Stav vyradenia Strata Poškodenie Spôsob nadobudnutia Domovská knižnica Aktuálna knižnica Dátum nadobudnutia Total checkouts Čiarový kód exemplára Date last seen Typ exemplára
      Dar Obecná knižnica Horná Štubňa Obecná knižnica Horná Štubňa 23.03.2026   9788081141645 23.03.2026 Krásna literatúra pre dospelých
Projekt je podporený Slovenskou asociáciou knižníc
Prevádzkuje Turčianska knižnica Martin 2026